00805nam a2200181 a 450000100100000000500170001000800410002704000250006808200150009324500640010826000370017230000280020959000280023795201130026595201140037895201140049299900170060600003606320200930074837.0111125s1991 dr a r 000 spa d aDO-SdBNPbspacBNPHU axxxbR426g 0aRepública Dominicana { Santo Domingo} : guia del viajero. aSanto Domingo :bSusaeta,c1991. a73 p. :bil. ;c185 cm. aInventariado, 2019 / DG 0010718PDaPDbPDcHDd2011-11-25iLF1l0oxxx R426gp36063-10r2020-06-25w2020-06-25yLFPDZNo se presta 00107-18PDaGRbGRcOId2011-11-25iLF1l0oxxx R426gp36064-10r2020-06-25w2020-06-25yLFPDZNo se presta 00107-18PDaGRbGRcOId2011-11-25iLF1l0oxxx R426gp36064-20r2020-06-25w2020-06-25yLFPDZNo se presta c35554d35554